000 00219nam a22000857a 4500
008 161104b xxu||||| |||| 00| 0 eng d
100 _91039
_aMISRA R. R
245 _aSecondary Chemistry for us X
260 _bArya company
_c2008
999 _c3695
_d3695